000 00594nam a2200169 a 4500
008 090326s2000 ||||||||||||||||| || u
020 _a0750640820
050 _aTH 7703 Phi
100 _aPhillips, Derek
245 1 0 _aLighting modern buildings. --
_cDerek Phillips
260 _aOxford
_bArchitectural Press
_c2000
300 _axi, 234p.: ill.
350 _a0.00
650 _aBUILDING
650 _aINTERIOR LIGHTING
995 _D0.00
_FCBU-MAIN LIBRARY (Kitwe)
_H1
_I0.00
_M1
_UAVAILABLE
_WMay 4, 2009
_ZMain Library Open Access Collection
999 _c49281
_d49281